[Event "WCO2014"]
[Site "Tromso"]
[Date "2014.08.09"]
[Round "7.29"]
[WhiteID "1622080"]
[White "Hapala Elisabeth"]
[BlackID "7300867"]
[Black "Mencos Maria"]
[Result "0-1"]
[LiveChessVersion "1.4.3"]
[BlackElo "1808"]
[WhiteElo "2083"]

1. e4 {[%clk 1:30:59]} e5 {[%clk 1:30:51]} 2. Nf3 {[%clk 1:31:25]} Nc6
{[%clk 1:31:11]} 3. Bb5 {[%clk 1:31:50]} Nf6 {[%clk 1:31:37]} 4. d3
{[%clk 1:32:12]} Bc5 {[%clk 1:31:01]} 5. c3 {[%clk 1:32:36]} d6 {[%clk 1:28:53]}
6. O-O {[%clk 1:31:58]} O-O {[%clk 1:26:44]} 7. Nbd2 {[%clk 1:31:57]} a6
{[%clk 1:18:47]} 8. Ba4 {[%clk 1:32:08]} Ba7 {[%clk 1:15:15]} 9. h3
{[%clk 1:32:22]} Ne7 {[%clk 1:15:30]} 10. Re1 {[%clk 1:30:26]} Ng6
{[%clk 1:13:50]} 11. Nf1 {[%clk 1:30:18]} h6 {[%clk 1:13:51]} 12. Ng3
{[%clk 1:17:39]} c6 {[%clk 1:13:46]} 13. d4 {[%clk 1:07:27]} Qc7 {[%clk 1:14:09]}
14. Bb3 {[%clk 0:51:12]} Kh7 {[%clk 0:59:39]} 15. Be3 {[%clk 0:45:39]} Rd8
{[%clk 0:57:17]} 16. Qe2 {[%clk 0:42:09]} Re8 {[%clk 0:56:06]} 17. dxe5
{[%clk 0:31:56]} dxe5 {[%clk 0:56:16]} 18. Bxa7 {[%clk 0:26:33]} Rxa7
{[%clk 0:56:22]} 19. Qe3 {[%clk 0:25:25]} Ra8 {[%clk 0:50:33]} 20. Nf5
{[%clk 0:25:11]} Be6 {[%clk 0:48:10]} 21. Rad1 {[%clk 0:09:34]} Bxb3
{[%clk 0:44:40]} 22. axb3 {[%clk 0:10:00]} Rad8 {[%clk 0:44:31]} 23. b4
{[%clk 0:09:02]} Nf4 {[%clk 0:39:08]} 24. g3 {[%clk 0:01:50]} Nxh3+
{[%clk 0:36:17]} 25. Kg2 {[%clk 0:01:52]} Ng4 {[%clk 0:36:31]} 26. Qe2
{[%clk 0:01:41]} Nhxf2 {[%clk 0:34:27]} 27. Rxd8 {[%clk 0:01:39]} Rxd8
{[%clk 0:34:05]} 28. Rf1 {[%clk 0:01:08]} g6 {[%clk 0:26:22]} 29. Nxh6
{[%clk 0:00:36]} Kxh6 {[%clk 0:26:27]} 30. Rxf2 {[%clk 0:00:47]} Nxf2
{[%clk 0:26:37]} 31. Qe3+ {[%clk 0:01:12]} Kg7 {[%clk 0:26:23]} 32. Kxf2
{[%clk 0:00:46]} Qd6 {[%clk 0:26:01]} 33. Qg5 {[%clk 0:00:43]} f6
{[%clk 0:26:06]} 34. Qe3 {[%clk 0:01:04]} Qd1 {[%clk 0:25:40]} 35. g4
{[%clk 0:00:42]} Rd3 {[%clk 0:24:42]} 36. Qe2 {[%clk 0:01:10]} Kf7
{[%clk 0:21:36]} 37. g5 {[%clk 0:00:35]} Ke6 {[%clk 0:18:35]} 38. gxf6
{[%clk 0:00:33]} Kxf6 {[%clk 0:18:27]} 39. Qxd1 {[%clk 0:00:36]} Rxd1
{[%clk 0:18:49]} 40. Ke3 {[%clk 0:00:32]} Rb1 {[%clk 0:18:24]} 41. Nd2
{[%clk 0:28:17]} Rxb2 {[%clk 0:46:12]} 42. Nc4 {[%clk 0:27:25]} Rh2
{[%clk 0:46:34]} 43. Na5 {[%clk 0:26:43]} Rh7 {[%clk 0:46:36]} 44. c4
{[%clk 0:23:07]} Ke6 {[%clk 0:44:54]} 45. Kf3 {[%clk 0:19:01]} Rf7+
{[%clk 0:45:18]} 46. Kg3 {[%clk 0:19:11]} g5 {[%clk 0:44:47]} 47. c5
{[%clk 0:16:57]} Rf4 {[%clk 0:41:30]} 48. Nxb7 {[%clk 0:17:19]} Rxe4
{[%clk 0:41:51]} 49. Nd8+ {[%clk 0:17:19]} Kd5 {[%clk 0:42:13]} 0-1

[Event "WCO2014"]
[Site "Tromso"]
[Date "2014.08.09"]
[Round "7.9"]
[WhiteID "3801934"]
[White "Cori T. Deysi"]
[BlackID "3409414"]
[Black "Abarca Gonzalez Damaris"]
[Result "1-0"]
[LiveChessVersion "1.4.3"]
[BlackElo "2049"]
[WhiteElo "2422"]

1. d4 {[%clk 1:30:57]} d5 {[%clk 1:30:38]} 2. Nf3 {[%clk 1:31:16]} Nf6
{[%clk 1:31:02]} 3. c4 {[%clk 1:31:40]} c6 {[%clk 1:31:27]} 4. Nc3
{[%clk 1:31:58]} dxc4 {[%clk 1:31:51]} 5. a4 {[%clk 1:32:22]} Bf5
{[%clk 1:32:07]} 6. e3 {[%clk 1:32:33]} e6 {[%clk 1:32:25]} 7. Bxc4
{[%clk 1:32:59]} Bb4 {[%clk 1:32:43]} 8. O-O {[%clk 1:33:20]} O-O
{[%clk 1:33:02]} 9. Qe2 {[%clk 1:33:34]} Bg6 {[%clk 1:33:07]} 10. Ne5
{[%clk 1:30:39]} Nbd7 {[%clk 1:29:14]} 11. Nxg6 {[%clk 1:29:06]} hxg6
{[%clk 1:29:35]} 12. Qc2 {[%clk 1:19:49]} Rc8 {[%clk 1:18:04]} 13. Rd1
{[%clk 1:12:34]} Qa5 {[%clk 1:09:49]} 14. Qb3 {[%clk 1:05:46]} Rfe8
{[%clk 0:48:16]} 15. h3 {[%clk 1:02:31]} Qb6 {[%clk 0:40:41]} 16. Qc2
{[%clk 0:54:55]} a5 {[%clk 0:38:21]} 17. e4 {[%clk 0:43:39]} e5 {[%clk 0:26:26]}
18. Qb3 Re7 {[%clk 0:20:14]} 19. dxe5 {[%clk 0:26:08]} Nxe5 {[%clk 0:19:34]} 20.
Be3 {[%clk 0:25:54]} Qc7 {[%clk 0:19:15]} 21. Bf1 {[%clk 0:21:47]} Rce8
{[%clk 0:09:51]} 22. f3 {[%clk 0:15:28]} Ned7 {[%clk 0:10:04]} 23. Rac1
{[%clk 0:14:49]} Qg3 {[%clk 0:08:35]} 24. Ne2 {[%clk 0:14:26]} Qb8
{[%clk 0:08:42]} 25. Nf4 {[%clk 0:12:52]} Kh7 {[%clk 0:08:57]} 26. Qd3
{[%clk 0:06:01]} Kg8 {[%clk 0:07:39]} 27. Qb3 {[%clk 0:04:46]} Kh7
{[%clk 0:08:03]} 28. Bc4 {[%clk 0:03:54]} Ne5 {[%clk 0:08:01]} 29. Be2
{[%clk 0:04:23]} Bd6 {[%clk 0:07:29]} 30. g3 {[%clk 0:03:31]} Nfd7
{[%clk 0:03:42]} 31. Ng2 {[%clk 0:03:13]} f6 {[%clk 0:03:37]} 32. f4
{[%clk 0:02:59]} Nf7 {[%clk 0:03:34]} 33. Bf3 {[%clk 0:02:38]} g5
{[%clk 0:02:21]} 34. Qd3 {[%clk 0:01:18]} Kh8 {[%clk 0:02:29]} 35. Bh5
{[%clk 0:01:29]} Bc7 {[%clk 0:01:51]} 36. Qb3 {[%clk 0:01:38]} Rf8
{[%clk 0:01:05]} 37. Rc2 {[%clk 0:01:28]} g6 {[%clk 0:01:12]} 38. Bxg6
{[%clk 0:01:34]} Kg7 {[%clk 0:01:41]} 39. Bf5 {[%clk 0:01:45]} Nd6
{[%clk 0:01:49]} 40. Bxd7 {[%clk 0:02:05]} Rxd7 {[%clk 0:01:07]} 41. e5
{[%clk 0:02:03]} fxe5 {[%clk 0:00:47]} 42. fxe5 {[%clk 0:02:25]} Rdf7
{[%clk 0:00:52]} 43. exd6 {[%clk 0:02:26]} Bxd6 {[%clk 0:00:51]} 44. Bd4+
{[%clk 0:01:40]} 1-0

[Event "WCO2014"]
[Site "Tromso"]
[Date "2014.08.09"]
[Round "7.10"]
[WhiteID "3405494"]
[White "Jorquera Cabello Valentina"]
[BlackID "3801888"]
[Black "Apaza Flor"]
[Result "0-1"]
[LiveChessVersion "1.4.3"]
[BlackElo "1552"]
[WhiteElo "1999"]

1. e4 {[%clk 1:30:58]} e5 {[%clk 1:30:52]} 2. Nf3 {[%clk 1:31:16]} Nc6
{[%clk 1:31:16]} 3. Bb5 {[%clk 1:31:43]} Bc5 {[%clk 1:28:54]} 4. O-O
{[%clk 1:32:06]} Nf6 {[%clk 1:28:51]} 5. c3 {[%clk 1:31:43]} O-O {[%clk 1:24:17]}
6. d4 {[%clk 1:32:08]} Bb6 {[%clk 1:23:33]} 7. dxe5 {[%clk 1:25:58]} Nxe4
{[%clk 1:22:27]} 8. Qc2 {[%clk 1:23:36]} d5 {[%clk 1:09:09]} 9. exd6
{[%clk 1:18:21]} Nxd6 {[%clk 0:57:08]} 10. Bd3 {[%clk 1:18:13]} h6
{[%clk 0:45:08]} 11. h3 {[%clk 1:13:28]} Qf6 {[%clk 0:39:33]} 12. Nbd2
{[%clk 1:09:03]} Re8 {[%clk 0:34:20]} 13. Ne4 {[%clk 1:05:15]} Nxe4
{[%clk 0:31:03]} 14. Bxe4 {[%clk 1:02:39]} Bd7 {[%clk 0:29:17]} 15. b4
{[%clk 0:56:45]} a6 {[%clk 0:23:41]} 16. Bb2 {[%clk 0:56:32]} Qf4
{[%clk 0:19:25]} 17. Bh7+ {[%clk 0:52:46]} Kh8 {[%clk 0:19:23]} 18. c4
{[%clk 0:23:24]} Bxh3 {[%clk 0:17:45]} 19. gxh3 {[%clk 0:13:54]} Qg3+
{[%clk 0:16:26]} 20. Kh1 {[%clk 0:14:06]} Qxf3+ {[%clk 0:16:47]} 21. Kh2
{[%clk 0:10:58]} Re2 {[%clk 0:14:49]} 22. Bxg7+ {[%clk 0:00:41]} Kxg7
{[%clk 0:15:17]} 23. Qf5 {[%clk 0:00:45]} Rxf2+ {[%clk 0:14:23]} 24. Rxf2
{[%clk 0:01:10]} Qxf2+ {[%clk 0:14:46]} 25. Qxf2 {[%clk 0:01:25]} Bxf2
{[%clk 0:15:13]} 26. Be4 {[%clk 0:01:33]} Re8 {[%clk 0:15:04]} 27. Bf3
{[%clk 0:01:37]} Re1 {[%clk 0:14:50]} 28. Rxe1 {[%clk 0:01:41]} Bxe1
{[%clk 0:15:18]} 29. b5 {[%clk 0:01:36]} axb5 {[%clk 0:15:36]} 30. cxb5
{[%clk 0:02:04]} Nd4 {[%clk 0:15:41]} 31. Bxb7 {[%clk 0:02:10]} Nxb5
{[%clk 0:16:09]} 32. a4 {[%clk 0:02:05]} Nd6 {[%clk 0:16:32]} 33. Bc6
{[%clk 0:02:29]} f5 {[%clk 0:15:36]} 34. Kg2 {[%clk 0:02:19]} f4 {[%clk 0:15:30]}
35. Kf3 {[%clk 0:02:20]} Bd2 {[%clk 0:15:29]} 36. a5 {[%clk 0:01:44]} Nc4
{[%clk 0:14:41]} 37. Ke2 {[%clk 0:00:38]} Bxa5 {[%clk 0:14:53]} 38. Be4
{[%clk 0:00:40]} Ne5 {[%clk 0:14:31]} 39. Bc2 {[%clk 0:00:55]} c5
{[%clk 0:14:52]} 40. h4 {[%clk 0:01:16]} Kf6 {[%clk 0:14:19]} 41. Kf2
{[%clk 0:01:28]} c4 {[%clk 0:14:26]} 42. Ke2 {[%clk 0:01:50]} f3+
{[%clk 0:13:56]} 43. Kf2 {[%clk 0:01:39]} Bb6+ {[%clk 0:14:13]} 44. Kg3
{[%clk 0:01:40]} f2 {[%clk 0:14:33]} 45. Kg2 {[%clk 0:02:06]} Ng4
{[%clk 0:14:33]} 46. Ba4 {[%clk 0:01:21]} Ne3+ {[%clk 0:14:55]} 47. Kxf2
{[%clk 0:01:43]} c3 {[%clk 0:14:06]} 48. Ke2 {[%clk 0:01:57]} Nf5
{[%clk 0:13:29]} 49. Kd3 {[%clk 0:01:59]} Ba5 {[%clk 0:13:25]} 50. h5
{[%clk 0:01:33]} Ng3 {[%clk 0:13:25]} 51. Bd1 {[%clk 0:27:20]} Kg5
{[%clk 0:42:53]} 52. Kc4 {[%clk 0:27:21]} Nxh5 {[%clk 0:43:12]} 53. Kb5
{[%clk 0:27:48]} Bd8 {[%clk 0:43:22]} 54. Kc4 {[%clk 0:28:09]} Bf6
{[%clk 0:43:50]} 55. Kd3 {[%clk 0:28:33]} Nf4+ {[%clk 0:43:59]} 56. Ke3
{[%clk 0:28:41]} h5 {[%clk 0:43:36]} 57. Bc2 {[%clk 0:28:44]} h4 {[%clk 0:43:47]}
58. Kf3 {[%clk 0:28:59]} h3 {[%clk 0:40:55]} 59. Kg3 {[%clk 0:29:09]} Be5
{[%clk 0:41:14]} 60. Ba4 {[%clk 0:28:36]} Kf5 {[%clk 0:40:47]} 61. Bc2+
{[%clk 0:28:08]} Ke6 {[%clk 0:41:00]} 62. Bb3+ {[%clk 0:28:27]} Kd6
{[%clk 0:41:19]} 63. Bc2 {[%clk 0:28:17]} Kc5 {[%clk 0:41:42]} 64. Bd1
{[%clk 0:28:32]} Kd4 {[%clk 0:41:46]} 65. Bc2 {[%clk 0:28:32]} Ke3
{[%clk 0:42:07]} 66. Ba4 {[%clk 0:28:57]} Kd2 {[%clk 0:42:18]} 67. Bb3
{[%clk 0:29:23]} Nd3+ {[%clk 0:42:21]} 68. Kxh3 {[%clk 0:29:44]} Nc5 0-1

[Event "WCO2014"]
[Site "Tromso"]
[Date "2014.08.09"]
[Round "7.11"]
[WhiteID "3817504"]
[White "Valdivia Cano Nicole"]
[BlackID "3408205"]
[Black "Fuentes Inzunza Lesly"]
[Result "0-1"]
[LiveChessVersion "1.4.3"]
[BlackElo "1895"]
[WhiteElo "1550"]

1. e4 {[%clk 1:30:59]} c6 {[%clk 1:30:54]} 2. d4 {[%clk 1:31:06]} d5
{[%clk 1:31:18]} 3. Nc3 {[%clk 1:30:50]} dxe4 {[%clk 1:31:35]} 4. Nxe4
{[%clk 1:31:10]} Nf6 {[%clk 1:31:48]} 5. Nxf6+ {[%clk 1:29:18]} gxf6
{[%clk 1:30:55]} 6. Nf3 {[%clk 1:28:22]} Bf5 {[%clk 1:29:42]} 7. Bf4
{[%clk 1:26:08]} e6 {[%clk 1:27:22]} 8. Bd3 {[%clk 1:23:20]} Bxd3
{[%clk 1:24:59]} 9. Qxd3 {[%clk 1:23:44]} Bd6 {[%clk 1:17:32]} 10. Bxd6
{[%clk 1:22:44]} Qxd6 {[%clk 1:17:54]} 11. O-O-O {[%clk 1:22:51]} Na6 12. Rhe1
{[%clk 1:19:45]} O-O-O {[%clk 1:17:12]} 13. a3 {[%clk 1:18:15]} Nc7
{[%clk 1:14:15]} 14. g3 {[%clk 1:16:06]} Kb8 {[%clk 1:09:37]} 15. Re4
{[%clk 1:12:22]} f5 {[%clk 1:04:25]} 16. Rh4 {[%clk 1:11:01]} f6 {[%clk 1:02:44]}
17. c4 {[%clk 1:09:12]} Rd7 {[%clk 0:49:47]} 18. Nd2 {[%clk 0:50:00]} Rhd8
{[%clk 0:38:29]} 19. Nb3 {[%clk 0:50:11]} Na6 {[%clk 0:26:24]} 20. Qe3
{[%clk 0:47:33]} e5 {[%clk 0:21:15]} 21. Qf3 {[%clk 0:46:56]} Qe6
{[%clk 0:20:21]} 22. d5 {[%clk 0:39:50]} cxd5 {[%clk 0:20:33]} 23. cxd5
{[%clk 0:40:11]} Qb6 {[%clk 0:16:49]} 24. Kb1 {[%clk 0:34:14]} Ka8
{[%clk 0:12:38]} 25. Ka2 {[%clk 0:33:53]} Nc5 {[%clk 0:07:31]} 26. Nxc5
{[%clk 0:33:55]} Qxc5 {[%clk 0:07:54]} 27. Qxf5 {[%clk 0:30:58]} Rxd5
{[%clk 0:08:10]} 28. Rb1 {[%clk 0:20:30]} Rd2 {[%clk 0:02:56]} 29. Rxh7
{[%clk 0:16:09]} Rxf2 {[%clk 0:02:50]} 30. Qe6 {[%clk 0:15:38]} a6
{[%clk 0:02:31]} 31. h4 {[%clk 0:14:42]} Rd3 {[%clk 0:02:40]} 32. Rh8+
{[%clk 0:13:10]} Ka7 {[%clk 0:03:02]} 33. g4 {[%clk 0:09:50]} Rxa3# 0-1

[Event "WCO2014"]
[Site "Tromso"]
[Date "2014.08.09"]
[Round "7.28"]
[WhiteID "1504959"]
[White "Reppen Ellisiv"]
[BlackID "13200615"]
[Black "Lim Hakyung"]
[Result "1/2-1/2"]
[LiveChessVersion "1.4.3"]
[BlackElo "1567"]
[WhiteElo "2016"]

1. e4 {[%clk 1:30:55]} c5 {[%clk 1:30:58]} 2. Nf3 {[%clk 1:31:17]} Nc6
{[%clk 1:31:25]} 3. d4 {[%clk 1:31:29]} cxd4 {[%clk 1:31:51]} 4. Nxd4
{[%clk 1:31:50]} g6 {[%clk 1:32:12]} 5. Nc3 {[%clk 1:31:55]} Bg7 {[%clk 1:32:35]}
6. Be3 {[%clk 1:32:12]} Nf6 {[%clk 1:32:55]} 7. f3 {[%clk 1:31:57]} O-O
{[%clk 1:31:29]} 8. Qd2 {[%clk 1:31:57]} d6 {[%clk 1:28:47]} 9. O-O-O
{[%clk 1:28:39]} a5 {[%clk 1:25:31]} 10. Kb1 {[%clk 1:26:51]} a4 {[%clk 1:22:19]}
11. a3 {[%clk 1:24:12]} Bd7 {[%clk 1:21:17]} 12. Bc4 {[%clk 1:21:41]} Qc7
{[%clk 1:19:45]} 13. Ba2 {[%clk 1:20:01]} Rab8 {[%clk 1:14:55]} 14. g4
{[%clk 1:15:57]} Ne5 {[%clk 1:11:09]} 15. h4 {[%clk 1:11:48]} h5 {[%clk 1:05:52]}
16. gxh5 {[%clk 1:08:50]} Nxh5 {[%clk 1:04:21]} 17. Bh6 {[%clk 1:05:12]} b5
{[%clk 1:00:21]} 18. Nd5 {[%clk 1:01:58]} Qd8 {[%clk 0:59:39]} 19. Bxg7
{[%clk 0:58:10]} Kxg7 {[%clk 0:59:56]} 20. Rdg1 {[%clk 0:57:17]} Rh8
{[%clk 0:52:35]} 21. f4 {[%clk 0:53:21]} e6 {[%clk 0:48:44]} 22. Nb4
{[%clk 0:51:02]} Nc4 {[%clk 0:46:43]} 23. Bxc4 {[%clk 0:50:41]} bxc4
{[%clk 0:47:12]} 24. Ndc6 {[%clk 0:49:03]} Bxc6 {[%clk 0:47:35]} 25. Nxc6
{[%clk 0:49:26]} Qb6 {[%clk 0:47:16]} 26. Qc3+ {[%clk 0:48:40]} Kh7
{[%clk 0:43:59]} 27. Nxb8 {[%clk 0:48:11]} Rxb8 {[%clk 0:44:27]} 28. f5
{[%clk 0:46:45]} e5 {[%clk 0:43:27]} 29. Rg5 {[%clk 0:44:26]} Nf6
{[%clk 0:40:42]} 30. fxg6+ {[%clk 0:35:14]} fxg6 {[%clk 0:40:47]} 31. Re1
{[%clk 0:32:11]} Qf2 {[%clk 0:37:55]} 32. h5 {[%clk 0:25:22]} Nxh5
{[%clk 0:35:30]} 33. Reg1 {[%clk 0:23:23]} Nf4 {[%clk 0:34:09]} 34. Qxc4
{[%clk 0:21:03]} Qa7 {[%clk 0:30:48]} 35. Rh1+ {[%clk 0:17:36]} Kg7
{[%clk 0:31:02]} 36. Qc6 {[%clk 0:14:10]} Qb7 {[%clk 0:29:25]} 37. Qxb7+
{[%clk 0:12:08]} Rxb7 {[%clk 0:29:54]} 38. Rg3 {[%clk 0:09:25]} Ne6
{[%clk 0:29:31]} 39. Rhg1 {[%clk 0:08:49]} g5 {[%clk 0:29:55]} 40. Ka2
{[%clk 0:08:18]} Kf6 {[%clk 0:29:29]} 41. b4 {[%clk 0:06:03]} Rg7
{[%clk 0:26:09]} 42. Rd3 {[%clk 0:02:49]} Rc7 {[%clk 0:25:09]} 43. c3
{[%clk 0:00:50]} Rc6 {[%clk 0:25:09]} 44. Kb2 {[%clk 0:29:31]} Ke7
{[%clk 0:55:09]} 45. Rf3 {[%clk 0:24:43]} Rc4 {[%clk 0:54:57]} 46. Re3
{[%clk 0:23:20]} Kf6 {[%clk 0:54:43]} 47. Kc2 {[%clk 0:21:52]} Nf4
{[%clk 0:54:32]} 48. Kd2 {[%clk 0:19:42]} Kg6 {[%clk 0:53:38]} 49. b5
{[%clk 0:16:34]} Rc7 {[%clk 0:53:02]} 50. b6 {[%clk 0:15:38]} Rb7
{[%clk 0:53:24]} 51. Rb1 {[%clk 0:15:44]} g4 {[%clk 0:53:27]} 52. c4
{[%clk 0:15:03]} Kg5 {[%clk 0:53:33]} 53. Rc3 {[%clk 0:13:38]} Ne6
{[%clk 0:53:56]} 54. Ke3 {[%clk 0:12:22]} Nc5 {[%clk 0:52:50]} 55. Rb4
{[%clk 0:07:47]} Kh4 {[%clk 0:51:33]} 56. Rc1 {[%clk 0:07:28]} g3
{[%clk 0:50:18]} 57. Rh1+ {[%clk 0:05:31]} Kg4 {[%clk 0:28:30]} 58. Rg1
{[%clk 0:05:32]} Rg7 {[%clk 0:27:11]} 59. Rb2 {[%clk 0:02:58]} Rf7
{[%clk 0:22:52]} 60. Rbg2 {[%clk 0:02:22]} Rf3+ {[%clk 0:22:38]} 61. Kd2
{[%clk 0:02:22]} Nxe4+ {[%clk 0:16:07]} 62. Kc2 {[%clk 0:02:13]} Rc3+
{[%clk 0:15:20]} 63. Kb1 {[%clk 0:01:59]} Rb3+ {[%clk 0:06:08]} 64. Rb2
{[%clk 0:02:20]} Rxb2+ {[%clk 0:06:25]} 65. Kxb2 {[%clk 0:02:47]} Nc5
{[%clk 0:06:47]} 66. Rd1 {[%clk 0:01:48]} Nb7 {[%clk 0:02:52]} 67. Kc3
{[%clk 0:01:56]} g2 {[%clk 0:01:19]} 68. Kb4 {[%clk 0:02:00]} Kh3
{[%clk 0:01:00]} 69. Kb5 {[%clk 0:02:22]} Kh2 {[%clk 0:00:52]} 70. Kc6
{[%clk 0:02:25]} Na5+ {[%clk 0:01:02]} 71. Kb5 {[%clk 0:01:26]} Nb7
{[%clk 0:01:10]} 72. Kc6 {[%clk 0:01:42]} Na5+ {[%clk 0:01:38]} 73. Kb5
{[%clk 0:00:44]} Nb7 {[%clk 0:02:07]} 74. Kc6 {[%clk 0:01:03]} Na5+
{[%clk 0:02:35]} 1/2-1/2

[Event "WCO2014"]
[Site "Tromso"]
[Date "2014.08.09"]
[Round "7.27"]
[WhiteID "13201190"]
[White "Cho Yeonhee"]
[BlackID "1502972"]
[Black "Gronnestad Anita"]
[Result "0-1"]
[LiveChessVersion "1.4.3"]
[BlackElo "1997"]
[WhiteElo "1525"]

1. e4 {[%clk 1:30:57]} c5 {[%clk 1:30:49]} 2. Nf3 {[%clk 1:31:20]} d6
{[%clk 1:31:12]} 3. Bb5+ {[%clk 1:30:55]} Nc6 {[%clk 1:31:31]} 4. Bxc6+
{[%clk 1:28:32]} bxc6 {[%clk 1:31:52]} 5. c4 {[%clk 1:28:01]} e5 {[%clk 1:31:44]}
6. Nc3 {[%clk 1:27:58]} Be7 {[%clk 1:29:31]} 7. d3 {[%clk 1:27:03]} Bg4
{[%clk 1:27:46]} 8. Bd2 {[%clk 1:23:24]} Nf6 {[%clk 1:27:13]} 9. O-O
{[%clk 1:22:54]} O-O {[%clk 1:27:06]} 10. Re1 {[%clk 1:21:41]} Ne8
{[%clk 1:24:46]} 11. h3 {[%clk 1:16:10]} Bh5 {[%clk 1:18:14]} 12. Qe2
{[%clk 1:11:30]} Nc7 {[%clk 1:16:59]} 13. Qe3 {[%clk 1:08:12]} Ne6
{[%clk 1:15:57]} 14. Ne2 {[%clk 1:00:51]} Rb8 {[%clk 1:13:09]} 15. Rab1
{[%clk 0:57:16]} Qd7 {[%clk 1:03:12]} 16. Ng3 {[%clk 0:54:00]} Bxf3
{[%clk 1:01:46]} 17. Qxf3 {[%clk 0:53:37]} Nd4 {[%clk 0:59:59]} 18. Qd1
{[%clk 0:52:56]} Rb7 {[%clk 0:51:53]} 19. b3 {[%clk 0:50:36]} Bh4 20. Nf1
{[%clk 0:39:53]} f5 {[%clk 0:46:03]} 21. Be3 {[%clk 0:27:41]} fxe4
{[%clk 0:42:51]} 22. dxe4 {[%clk 0:27:13]} Qf7 {[%clk 0:42:25]} 23. Rb2
{[%clk 0:24:58]} Qg6 {[%clk 0:40:47]} 24. Nh2 {[%clk 0:21:41]} Rbf7
{[%clk 0:38:48]} 25. Qg4 {[%clk 0:19:32]} Qxg4 {[%clk 0:37:46]} 26. Nxg4
{[%clk 0:20:01]} h5 {[%clk 0:37:08]} 27. Nh2 {[%clk 0:20:01]} Bd8
{[%clk 0:34:02]} 28. f3 {[%clk 0:16:25]} Ba5 {[%clk 0:27:52]} 29. Bd2
{[%clk 0:15:58]} Bxd2 {[%clk 0:27:43]} 30. Rxd2 {[%clk 0:16:24]} a5
{[%clk 0:27:29]} 31. Nf1 {[%clk 0:10:52]} Rxf3 {[%clk 0:20:50]} 32. Red1
{[%clk 0:08:39]} R3f4 {[%clk 0:20:10]} 33. Re1 {[%clk 0:08:41]} Rb8
{[%clk 0:19:22]} 34. Rb2 {[%clk 0:04:32]} a4 {[%clk 0:16:03]} 35. Nd2
{[%clk 0:04:20]} g6 {[%clk 0:15:18]} 36. Re3 {[%clk 0:03:36]} Rf7
{[%clk 0:12:23]} 37. Re1 {[%clk 0:02:16]} Rfb7 {[%clk 0:12:15]} 38. Re3
{[%clk 0:02:26]} Kg7 {[%clk 0:11:16]} 39. Kh2 {[%clk 0:01:37]} h4
{[%clk 0:06:42]} 40. Kg1 {[%clk 0:01:09]} Rf7 {[%clk 0:06:16]} 41. Re1
{[%clk 0:01:09]} axb3 {[%clk 0:05:10]} 42. axb3 {[%clk 0:01:18]} Rbf8
{[%clk 0:04:56]} 43. Nb1 {[%clk 0:29:57]} Kh6 {[%clk 0:32:44]} 44. Rd1
{[%clk 0:28:40]} Rb8 {[%clk 0:31:59]} 45. Rd3 {[%clk 0:28:15]} Ra8
{[%clk 0:31:08]} 46. Nd2 {[%clk 0:23:17]} Ra1+ {[%clk 0:26:25]} 47. Rb1
{[%clk 0:22:22]} Rxb1+ {[%clk 0:24:03]} 48. Nxb1 Rb7 {[%clk 0:22:59]} 49. Nd2
{[%clk 0:23:01]} Rf7 {[%clk 0:22:10]} 50. Re3 {[%clk 0:21:05]} Kg5
{[%clk 0:20:13]} 51. Re1 {[%clk 0:19:24]} Rb7 {[%clk 0:19:45]} 52. Rb1
{[%clk 0:17:58]} Kf4 {[%clk 0:18:27]} 53. Kf2 {[%clk 0:17:44]} Rb8
{[%clk 0:17:16]} 54. Rb2 {[%clk 0:15:47]} Ra8 {[%clk 0:16:35]} 55. b4
{[%clk 0:04:06]} cxb4 {[%clk 0:16:38]} 56. Rxb4 {[%clk 0:04:33]} Ra2
{[%clk 0:16:49]} 0-1

[Event "WCO2014"]
[Site "Tromso"]
[Date "2014.08.09"]
[Round "7.26"]
[WhiteID "1505467"]
[White "Jorgensen Line Jin"]
[BlackID "13200208"]
[Black "You Garam"]
[Result "1-0"]
[LiveChessVersion "1.4.3"]
[BlackElo "1487"]
[WhiteElo "1939"]

1. e4 {[%clk 1:30:58]} e5 {[%clk 1:30:49]} 2. Nf3 {[%clk 1:31:22]} Nc6
{[%clk 1:31:11]} 3. Bb5 {[%clk 1:31:45]} a6 {[%clk 1:31:35]} 4. Ba4
{[%clk 1:32:09]} Nf6 {[%clk 1:31:57]} 5. O-O {[%clk 1:32:33]} b5 {[%clk 1:32:21]}
6. Bb3 {[%clk 1:32:58]} Be7 {[%clk 1:32:45]} 7. Re1 {[%clk 1:33:03]} O-O
{[%clk 1:33:07]} 8. c3 {[%clk 1:32:02]} d5 {[%clk 1:32:43]} 9. exd5
{[%clk 1:27:30]} Nxd5 {[%clk 1:33:05]} 10. Nxe5 {[%clk 1:23:01]} Nxe5
{[%clk 1:31:02]} 11. Rxe5 {[%clk 1:23:18]} c6 {[%clk 1:31:28]} 12. d4
{[%clk 1:19:02]} Bd6 {[%clk 1:31:39]} 13. Re1 {[%clk 1:17:43]} Qh4
{[%clk 1:31:38]} 14. g3 {[%clk 1:16:32]} Qh3 {[%clk 1:31:52]} 15. Qf3
{[%clk 0:51:32]} Bg4 {[%clk 1:31:09]} 16. Qg2 {[%clk 0:47:16]} Qh5
{[%clk 1:30:57]} 17. Be3 {[%clk 0:42:57]} Bf3 {[%clk 1:15:22]} 18. Qf1
{[%clk 0:43:02]} Nf4 {[%clk 0:37:55]} 19. Bxf4 {[%clk 0:38:20]} Bxf4
{[%clk 0:37:53]} 20. Na3 {[%clk 0:37:43]} Rae8 {[%clk 0:27:35]} 21. Bd1
{[%clk 0:31:12]} Bd2 {[%clk 0:24:13]} 22. Bxf3 {[%clk 0:24:54]} Qxf3
{[%clk 0:22:26]} 23. Rxe8 {[%clk 0:25:00]} Rxe8 {[%clk 0:22:44]} 24. Qg2
{[%clk 0:19:24]} Qf6 {[%clk 0:18:10]} 25. Nc2 {[%clk 0:17:27]} Re2
{[%clk 0:14:58]} 26. Qf1 {[%clk 0:16:34]} Qe6 {[%clk 0:13:33]} 27. Ne3
{[%clk 0:14:32]} Rxf2 {[%clk 0:07:20]} 28. Kxf2 {[%clk 0:14:50]} Bxe3+
{[%clk 0:07:03]} 29. Kg2 {[%clk 0:11:38]} Qe4+ {[%clk 0:07:02]} 30. Qf3
{[%clk 0:11:09]} Qc2+ {[%clk 0:02:55]} 31. Kh3 {[%clk 0:06:00]} Bg5
{[%clk 0:02:17]} 32. Rf1 {[%clk 0:05:33]} Qg6 {[%clk 0:02:12]} 33. Re1
{[%clk 0:05:30]} h6 {[%clk 0:01:44]} 34. g4 {[%clk 0:03:14]} Qc2 {[%clk 0:01:06]}
35. Re2 {[%clk 0:02:42]} Qg6 {[%clk 0:01:12]} 36. b3 {[%clk 0:02:03]} Qd6
{[%clk 0:01:04]} 37. Re8+ {[%clk 0:02:15]} Kh7 {[%clk 0:01:21]} 38. Qf5+
{[%clk 0:02:40]} Qg6 {[%clk 0:01:08]} 39. Rc8 {[%clk 0:02:52]} Qxf5
{[%clk 0:00:35]} 40. gxf5 {[%clk 0:03:20]} Bd2 {[%clk 0:00:31]} 41. Rxc6
{[%clk 0:03:40]} a5 {[%clk 0:00:41]} 42. d5 {[%clk 0:03:56]} 1-0